| 000 | 00669nam a22002297a 4500 | ||
|---|---|---|---|
| 003 | OSt | ||
| 005 | 20140310183010.0 | ||
| 008 | 130211t xxu||||| |||| 00| 0 eng d | ||
| 020 | _a9712316998 | ||
| 050 |
_aLB 1507.T43 _b.Ul39 2004 |
||
| 100 | _aUlit, Enriquete V. | ||
| 245 |
_aTeaching the elementary school subjects : _b contents and strategies in teaching the basic elementary school subjects _cEnrique V. Ulit...[et al.]. |
||
| 260 |
_aManila : _bRex Book Store, _c2004. |
||
| 300 |
_a502 p. : _bill. ; _c26 cm. |
||
| 521 | _aEDU | ||
| 562 | _e4 | ||
| 942 |
_2lcc _cBK _kLOC |
||
| 999 |
_c18229 _d18229 |
||